000
00287nam a22001337a 4500
008
170621b xxu||||| |||| 00| 0 eng d
020
_a
9780618371341
041
_a
eng
080
_a
32
100
_a
20
101
_a
SHP
245
_a
WOMEN AND POLITICS
_c
FORD.L E
942
_2
udc
_c
BK
999
_c
18445
_d
18445